<?xml version="1.0" encoding="UTF-8"?>
<marc:record xmlns:marc="http://www.loc.gov/MARC21/slim">
   <marc:leader>00000nam a2200000 a 4500</marc:leader>
   <marc:datafield ind1="1" ind2=" " tag="100">
      <marc:subfield code="a">Harrison, Colin</marc:subfield>
      <marc:subfield code="4">aut</marc:subfield>
      <marc:subfield code="e">Verfasser/-in</marc:subfield>
   </marc:datafield>
   <marc:datafield ind1="1" ind2=" " tag="100">
      <marc:subfield code="a">Greensmith, Alan</marc:subfield>
      <marc:subfield code="4">aut</marc:subfield>
      <marc:subfield code="e">Verfasser/-in</marc:subfield>
   </marc:datafield>
   <marc:datafield ind1=" " ind2=" " tag="653">
      <marc:subfield code="a">Vögel</marc:subfield>
   </marc:datafield>
   <marc:datafield ind1=" " ind2=" " tag="653">
      <marc:subfield code="a">Bestimmungsbuch</marc:subfield>
   </marc:datafield>
   <marc:datafield ind1="0" ind2="0" tag="245">
      <marc:subfield code="a">Vögel</marc:subfield>
   </marc:datafield>
   <marc:datafield ind1="0" ind2="0" tag="245">
      <marc:subfield code="b">mit mehr als 800 Arten</marc:subfield>
   </marc:datafield>
   <marc:datafield ind1="0" ind2="0" tag="245">
      <marc:subfield code="c">Harrison, Colin</marc:subfield>
   </marc:datafield>
   <marc:datafield ind1=" " ind2="1" tag="264">
      <marc:subfield code="a">Starnberg</marc:subfield>
      <marc:subfield code="b">Dorling Kindersley</marc:subfield>
      <marc:subfield code="c">2005</marc:subfield>
   </marc:datafield>
   <marc:datafield ind1="1" ind2=" " tag="520">
      <marc:subfield code="a">Neuausgabe eines Naturführers, der 800 Vogelarten aus aller Welt vorstellt (s.a. BA 4/95, Titel lag zum Vergleich nicht vor). Beruht auf der englischen Ausgabe aus dem Jahr 2000. Attraktives Layout mit vielen Extras (z.B. das vorliegende Buch als Größenvergleich für die Vogelarten), ausgeklügelter Bestimmungsschlüssel, gute Farbfotos, Bestimmungstexte unterschiedlicher Länge (Angaben zu Aussehen, Lebensraum und Verbreitung, Verhalten, Brut und Jungenaufzucht). Eher zum Nachschlagen geeignet (auch für Schüler und Zoobesucher). Als Bestimmungsbuch bei der Vogelexkursion sind regionale Feldführer besser geeignet; für Mitteleuropa z.B. "Der neue Kosmos-Vogelführer" (BA 8/99), D. Singer (BA 6/04 und 11/01) oder L. Jonsson (BA 4/93, Neuauflage 1999). (2 S)</marc:subfield>
   </marc:datafield>
   <marc:datafield ind1=" " ind2=" " tag="020">
      <marc:subfield code="a">9783831007851</marc:subfield>
      <marc:subfield code="9">9783831007851</marc:subfield>
   </marc:datafield>
   <marc:datafield ind1=" " ind2=" " tag="020">
      <marc:subfield code="a">3831007853</marc:subfield>
      <marc:subfield code="9">3831007853</marc:subfield>
   </marc:datafield>
   <marc:datafield ind1=" " ind2=" " tag="041">
      <marc:subfield code="a">ger</marc:subfield>
   </marc:datafield>
   <marc:datafield ind1=" " ind2=" " tag="338">
      <marc:subfield code="a">Band</marc:subfield>
   </marc:datafield>
   <marc:datafield ind1=" " ind2=" " tag="300">
      <marc:subfield code="a">416 S. : zahlr. Ill.</marc:subfield>
   </marc:datafield>
</marc:record>
